00838nam a2200193 i 450000100060000000300090000600500170001500700030003200800410003510000230007624501670009926000350026630000300030150001690033150500690050065000200056971000310058985200240062029552ES-MaACL20230906154042.0t|030122s1864 sp ||||1| spa d1 aBarreda, Dionisio.10aDiscurso inaugural que en la solemne apertura del curso académico de 1864 á 1865 leyó ante el claustro de la Universidad de Valladolid / cDionisio Barreda. aValladolid : b[s.n.], c1864. a47, 100, 27 p. ; c26 cm. aTema del discurso: Necesidad de proteger de la meteorología en atención a los beneficios que ha de reportar a la sociedad por la aplicación de sus principios.8 aContiene: Datos estadísticos del curso de 1862 a 1863 (100 p.)04aMetereología.2 aUniversidad de Valladolid. aES-MaACLjT-669-F-6